000 01078cam a22003135i 4500
001 011613481
003 EG-ScBUE
005 20250806100412.0
008 970522t1997 nyua f b 001 0 eng d
020 _a0471179922
020 _a9780471179924
040 _aEG-ScBUE
_beng
_erda
_dEG-ScBUE
_cEG-ScBUE
082 0 4 _a546
_222
_bPRO
245 0 0 _aProgress in inorganic chemistry /
_cedited by Kenneth D. Karlin, Department of Chemistry, Johns Hopkins University, Baltimore, Maryland.
264 1 _aNew York :
_bJohn Wiley & Sons, INC.,
_c[1997]
264 4 _cc1997
300 _av, 448 pages :
_billustrations ;
_c24 cm.
336 _2rdacontent
_atext
_btxt
337 _aunmediated
_2rdamedia
_bn
338 _avolume
_bnc
_2rdacarrier
490 0 _aProgress in inorganic chemistry ;
_vvolume 46
504 _aIncludes bibliographical references and index.
505 2 _aContent : v. 46.
650 7 _aChemistry, Inorganic.
_2BUEsh
_96017
653 _bGGEN
_cDecember2017
655 _vReading book
700 1 _aKarlin, Kenneth D.,
_d1948-
_eeditor.
942 _2ddc
_cBB
999 _c25728
_d25700